Big 4 Sports Teams With Colors In Their Name - Statistics

General Stats
  • This quiz has been taken 454 times
  • The average score is 9 of 12
Answer Stats
Answer % Correct
Cincinnati Reds
96%
Boston Red Sox
86%
Chicago White Sox
83%
St. Louis Blues
78%
Cleveland Browns
77%
Toronto Blue Jays
72%
Columbus Blue Jackets
69%
Chicago Blackhawks
68%
Detroit Red Wings
68%
Vegas Golden Knights
60%
Green Bay Packers
54%
Golden State Warriors
38%
No matching quizzes found
Score Distribution
Percent of People with Each Score
Percentile by Number Answered
Your Score History
You have not taken this quiz